<?xml version="1.0" encoding="UTF-8"?>
<record
    xmlns:xsi="http://www.w3.org/2001/XMLSchema-instance"
    xsi:schemaLocation="http://www.loc.gov/MARC21/slim http://www.loc.gov/standards/marcxml/schema/MARC21slim.xsd"
    xmlns="http://www.loc.gov/MARC21/slim">

  <leader>01315nam a22001937a 4500</leader>
  <datafield tag="952" ind1=" " ind2=" ">
    <subfield code="0">0</subfield>
    <subfield code="1">0</subfield>
    <subfield code="4">0</subfield>
    <subfield code="7">0</subfield>
    <subfield code="a">18</subfield>
    <subfield code="b">18</subfield>
    <subfield code="d">2016-10-08</subfield>
    <subfield code="l">1</subfield>
    <subfield code="o">HJ4665 S35 2014</subfield>
    <subfield code="p">18 003808</subfield>
    <subfield code="r">2018-10-31</subfield>
    <subfield code="s">2018-10-31</subfield>
    <subfield code="t">1</subfield>
    <subfield code="w">2016-10-08</subfield>
    <subfield code="y">LB</subfield>
  </datafield>
  <datafield tag="999" ind1=" " ind2=" ">
    <subfield code="c">101110</subfield>
    <subfield code="d">101110</subfield>
  </datafield>
  <controlfield tag="008">161008s2014    mx ||||fr|||| 00| 0 spa d</controlfield>
  <datafield tag="020" ind1=" " ind2=" ">
    <subfield code="a">9786074066500</subfield>
  </datafield>
  <datafield tag="050" ind1="0" ind2="4">
    <subfield code="a">HJ4665</subfield>
    <subfield code="b">S35 2014</subfield>
  </datafield>
  <datafield tag="100" ind1="1" ind2=" ">
    <subfield code="a">S&#xE1;nchez Miranda, Arnulfo</subfield>
    <subfield code="e">autor</subfield>
  </datafield>
  <datafield tag="245" ind1="1" ind2="0">
    <subfield code="a">Aplicaci&#xF3;n pr&#xE1;ctica del ISR</subfield>
    <subfield code="b"> : personas f&#xED;sicas</subfield>
    <subfield code="c"> / Arnulfo S&#xE1;nchez Miranda</subfield>
  </datafield>
  <datafield tag="250" ind1=" " ind2=" ">
    <subfield code="a">10a. edici&#xF3;n</subfield>
  </datafield>
  <datafield tag="260" ind1="3" ind2=" ">
    <subfield code="a">M&#xE9;xico</subfield>
    <subfield code="b"> : ISEF</subfield>
    <subfield code="c">, 2014</subfield>
  </datafield>
  <datafield tag="300" ind1=" " ind2=" ">
    <subfield code="a">234 p&#xE1;ginas</subfield>
  </datafield>
  <datafield tag="505" ind1=" " ind2=" ">
    <subfield code="a">Lineamientos b&#xE1;sicos y disposiciones generales
De los ingresos por salarios y asimilados
De los ingresos por actividades empresariales y profesionales
De los ingresos por arrendamiento y en general por otorgar el uso o goce temporal de bienes inmuebles
De los ingresos por enajenaci&#xF3;n y adquisici&#xF3;n de bienes
De los ingresos por intereses
De los ingresos por dividendos y en general por las ganancias distribuidas por personas morales
De los ingresos por la obtenci&#xF3;n de premios y de los dem&#xE1;s ingresos
De los requisitos de las deducciones
Del pago del ISR del ejercicio
Caso pr&#xE1;ctico integral, ISR declaraciones del ejercicio de las personas f&#xED;sicas 2014</subfield>
  </datafield>
  <datafield tag="519" ind1=" " ind2=" ">
    <subfield code="a">Plan Flexible / </subfield>
    <subfield code="b">Maestr&#xED;a en Derecho Fiscal / </subfield>
    <subfield code="c">Impuesto Sobre la Renta (P04-3) / </subfield>
    <subfield code="d">(18 003808)</subfield>
  </datafield>
  <datafield tag="650" ind1="1" ind2="4">
    <subfield code="a">IMPUESTO SOBRE LA RENTA</subfield>
    <subfield code="z">M&#xC9;XICO</subfield>
  </datafield>
  <datafield tag="650" ind1="1" ind2="4">
    <subfield code="a">IMPUESTOS</subfield>
    <subfield code="z">M&#xC9;XICO</subfield>
  </datafield>
  <datafield tag="942" ind1=" " ind2=" ">
    <subfield code="c">LB</subfield>
  </datafield>
</record>
